Keagungan zikir dan doa harian Rasul SAW

Bibliographic Details
Format: Book
Published: Kuala Lumpur : INTEAM PUBLISHING SDN BHD , 2016
Series:Al-Azkar Edisi Bahasa Melayu
Subjects:

MARC

LEADER 00000cam a2200000 7i4500
001 0000004197
005 20190521.0
020 0 0 |a 9789670326412 
090 0 0 |a 297.38203   |b NAW 2016 
245 1 0 |a Keagungan zikir dan doa harian Rasul SAW   |c Imam An-Nawawi 
260 0 0 |a Kuala Lumpur :   |b INTEAM PUBLISHING SDN BHD ,   |c 2016 
300 |a xxx.789. ;   |c 31 cm. 
440 0 0 |a Al-Azkar Edisi Bahasa Melayu 
500 0 0 |a Bibliography: [p. 779-783] 
650 0 0 |a Islamic meditations---Encyclopedia 
650 0 0 |a Prayer---Islam--Encyclopedia 
999 |a 008084   |b Monograph   |c Open Shelf   |e Default branch